000 00767nam a2200205 a 4500
001 000008576
005 20200929161351.0
008 090917s2003 dr r 000 0 spa d
040 _aDO-SdBNP
_bspa
_cBNPHU
082 _a633.73
_bC737a
245 0 0 _aCompendio anotado de instrumentos legales básicos relativos a la actividad cafetera en República Dominicana.
260 _aSanto Domingo :
_bCODOCAFÉ,
_c2003.
300 _a189 p. ;
_c21 cm.
650 4 _aCafé
_zRepública Dominicana
_xLegislación
_922031
650 4 _aCafé
_xComercio
_9295
650 4 _aCafé
_xConvenios internacionales
_922976
650 4 _aCafé
_zRepública Dominicana
_xAspectos económicos
_922977
700 1 _aBatista Díaz, Leonidas
_922978
710 2 _aConsejo Dominicano del Café
_922979
999 _c8346
_d8346